[Event "14th Reykjavik op"]
[Site "Reykjavik ISL"]
[Date "1990.03.19"]
[Round "3"]
[White "Sigurpalsson, Runar"]
[Black "Wessman, Richard"]
[Result "0-1"]
[WhiteElo "2220"]
[BlackElo "2505"]
[EventDate "1990.03.17"]
[PlyCount "86"]

1.e4 c5 2.Nf3 Nc6 3.d4 cxd4 4.Nxd4 Nf6 5.Nc3 d6 6.Be2 e5 7.Nb3 Be7 8.Be3 
Be6 9.O-O O-O 10.Kh1 Rc8 11.f4 exf4 12.Bxf4 d5 13.exd5 Nxd5 14.Nxd5 Qxd5 
15.Qxd5 Bxd5 16.Rad1 Be6 17.c3 h6 18.Rd2 Rfe8 19.h3 Bf8 20.Bf3 g6 21.Rfd1 
h5 22.Kg1 Be7 23.Bd5 Bd8 24.Kh1 Bxd5 25.Rxd5 Bb6 26.R5d2 Re4 27.Bd6 Ne5 
28.Bxe5 Rxe5 29.Nd4 Rce8 30.Kg1 g5 31.Kf1 g4 32.hxg4 hxg4 33.g3 Kg7 34.Kg2
Kg6 35.Rf1 f5 36.Rdf2 Bxd4 37.cxd4 Rd5 38.Rf4 Kg5 39.Kf2 Rh8 40.Kg2 Re8 
41.Kf2 Rb5 42.Kg1 Re3 43.Kf2 Rd3 0-1

[Event "14th Reykjavik op"]
[Site "Reykjavik ISL"]
[Date "1990.03.19"]
[Round "3"]
[White "Arnason, Throestur"]
[Black "Mortensen, Erling"]
[Result "1/2-1/2"]
[WhiteElo "2235"]
[BlackElo "2480"]
[EventDate "1990.03.17"]
[PlyCount "80"]

1.d4 Nf6 2.c4 g6 3.Nf3 Bg7 4.g3 O-O 5.Bg2 c6 6.O-O d6 7.Nc3 Qa5 8.e4 e5 9.
h3 Nbd7 10.Be3 exd4 11.Bxd4 Re8 12.Nd2 Nc5 13.a3 Ne6 14.Be3 Nd7 15.Rc1 h5 
16.f4 h4 17.g4 g5 18.f5 Bd4 19.Bxd4 Nxd4 20.b4 Qe5 21.c5 dxc5 22.Nc4 Qf6 
23.bxc5 Ne5 24.Nd6 Rd8 25.Kh1 b6 26.Nd5 cxd5 27.Qxd4 bxc5 28.Qxd5 Qxd6 29.
Qxa8 Ba6 30.Qxa7 Bxf1 31.Rxf1 c4 32.Qe3 Qd2 33.Qb6 c3 34.Qh6 f6 35.Qxf6 
Re8 36.Qh6 Re7 37.Qf6 Re8 38.Qh6 Re7 39.Qf6 Re8 40.Qh6 1/2-1/2

[Event "14th Reykjavik op"]
[Site "Reykjavik ISL"]
[Date "1990.03.19"]
[Round "3"]
[White "Briem, Stefan"]
[Black "Arkell, Keith"]
[Result "0-1"]
[WhiteElo "2215"]
[BlackElo "2460"]
[EventDate "1990.03.17"]
[PlyCount "74"]

1.e4 c6 2.d4 d5 3.e5 c5 4.c3 Nc6 5.Bb5 Bd7 6.Bxc6 Bxc6 7.Nf3 e6 8.O-O cxd4
9.cxd4 Ne7 10.Bg5 h6 11.Bd2 Qb6 12.Bc3 Nf5 13.g4 Ne7 14.a4 h5 15.g5 Ng6 
16.Qd2 h4 17.h3 a5 18.Kh2 Be7 19.Rg1 Kd7 20.Ne1 Qb3 21.Qe3 Qb6 22.Nd3 Qa6 
23.Nd2 b6 24.f4 Bf8 25.b4 axb4 26.Nxb4 Qb7 27.Nxc6 Qxc6 28.Rgc1 Be7 29.Bb2
Qb7 30.Rf1 Rhc8 31.Qb3 Qa6 32.Qd1 Qd3 33.Rf3 Qc2 34.Kg1 Qxb2 35.f5 Qxd4+ 
36.Kh1 Nxe5 37.Rf2 Qxf2 0-1

[Event "14th Reykjavik op"]
[Site "Reykjavik ISL"]
[Date "1990.03.19"]
[Round "3"]
[White "Arnason, Asgeir Thor"]
[Black "Winsnes, Rikard"]
[Result "1/2-1/2"]
[WhiteElo "2265"]
[BlackElo "2385"]
[EventDate "1990.03.17"]
[PlyCount "94"]

1.d4 Nf6 2.c4 g6 3.Nc3 Bg7 4.e4 d6 5.f3 O-O 6.Bg5 c5 7.d5 h6 8.Be3 e6 9.
Qd2 exd5 10.cxd5 h5 11.Bh6 Bxh6 12.Qxh6 Nh7 13.Bd3 a6 14.a4 Nd7 15.Nge2 
Ne5 16.Bc2 Qh4+ 17.Ng3 Rb8 18.O-O Ng5 19.Nf5 gxf5 20.f4 Qxh2+ 21.Kxh2 Ng4+
22.Kg3 Nxh6 23.fxg5 Ng4 24.Kf4 f6 25.g6 fxe4 26.Nxe4 Ne5 27.Nxd6 Kg7 28.
Nxc8 Rbxc8 29.Ra3 Rcd8 30.Rd1 Rd6 31.Rc3 c4 32.b3 b5 33.axb5 axb5 34.bxc4 
bxc4 35.Ra3 Nxg6+ 36.Bxg6 Kxg6 37.Rc3 Rc8 38.Ke4 Re8+ 39.Kf4 Rc8 40.Ke4 
Re8+ 41.Kf4 Re5 42.Rxc4 Rdxd5 43.Rxd5 Rxd5 44.Ra4 Rd2 45.Kg3 Kg5 46.Ra5+ 
f5 47.Ra8 1/2-1/2

[Event "14th Reykjavik op"]
[Site "Reykjavik ISL"]
[Date "1990.03.19"]
[Round "3"]
[White "Gudmundsson, Kristjan"]
[Black "Ernst, Thomas"]
[Result "1/2-1/2"]
[WhiteElo "2210"]
[BlackElo "2450"]
[EventDate "1990.03.17"]
[PlyCount "102"]

1.e4 c5 2.Nf3 d6 3.d4 cxd4 4.Nxd4 Nf6 5.Nc3 g6 6.Be3 Bg7 7.f3 O-O 8.Qd2 
Nc6 9.g4 Be6 10.O-O-O Nxd4 11.Bxd4 Qa5 12.a3 Rab8 13.h4 b5 14.Nd5 Qxd2+ 
15.Rxd2 Nxd5 16.exd5 Bxd4 17.Rxd4 Bd7 18.h5 Kg7 19.g5 f6 20.Re4 Rbe8 21.
hxg6 hxg6 22.gxf6+ Rxf6 23.f4 Rff8 24.Kd2 Rf5 25.Rd4 Ref8 26.Ke3 Rh5 27.
Bg2 Rfh8 28.Rdd1 Bg4 29.Rdg1 Kf6 30.c3 Rh2 31.Rxh2 Rxh2 32.b3 Bf5 33.c4 
bxc4 34.bxc4 e5 35.dxe6 Bxe6 36.Be4 Bf7 37.Rg3 Rh4 38.Bd3 Rh5 39.Be4 Rc5 
40.Bd3 Ra5 41.Rg5 Rxa3 42.Kd4 Ra4 43.Ke3 Rb4 44.Ra5 Bxc4 45.Bxc4 Rxc4 46.
Rxa7 d5 47.Kf3 Rc3+ 48.Kg4 d4 49.Ra6+ Kg7 50.Rd6 d3 51.Kg5 1/2-1/2

[Event "14th Reykjavik op"]
[Site "Reykjavik ISL"]
[Date "1990.03.19"]
[Round "3"]
[White "Sigfusson, Sigurdur"]
[Black "Karason, Askell Oern"]
[Result "1-0"]
[WhiteElo "2370"]
[BlackElo "2250"]
[EventDate "1990.03.17"]
[PlyCount "92"]

1.Nf3 c5 2.g3 g6 3.Bg2 Bg7 4.O-O Nc6 5.c4 d6 6.Nc3 e5 7.d3 Nge7 8.a3 O-O 
9.Rb1 Rb8 10.b4 h6 11.Be3 f5 12.bxc5 dxc5 13.Qc1 Nd4 14.Bxh6 Qa5 15.Nxd4 
cxd4 16.Nd5 Nxd5 17.Bxd5+ Kh7 18.Bd2 Qc7 19.a4 Bd7 20.Bb4 Rf6 21.Be7 Ra6 
22.c5 Bxa4 23.Bd6 Qd7 24.Qg5 Rxd6 25.cxd6 b6 26.Ra1 b5 27.Rfc1 Qxd6 28.
Qh4+ Bh6 29.Rc6 Qd8 30.Bf7 Qxh4 31.Bxg6+ Kg7 32.gxh4 Bd2 33.Kh1 a5 34.Rg1 
Bb3 35.Rc7+ Kf6 36.Bh7 Bd5+ 37.f3 Bf7 38.Bg6 Be6 39.Rh7 Bg8 40.Rh8 Be3 41.
Bh7 Ke7 42.Rhxg8 Rxg8 43.Rxg8 Kd6 44.Rb8 Kc5 45.Bxf5 b4 46.Bd7 1-0

[Event "14th Reykjavik op"]
[Site "Reykjavik ISL"]
[Date "1990.03.19"]
[Round "3"]
[White "Vidarsson, Jon"]
[Black "Halldorsson, Bragi"]
[Result "1-0"]
[WhiteElo "2290"]
[BlackElo "2215"]
[EventDate "1990.03.17"]
[PlyCount "72"]

1.e4 e5 2.Nf3 Nc6 3.Bb5 a6 4.Ba4 Nf6 5.O-O b5 6.Bb3 Be7 7.Re1 O-O 8.c3 d6 
9.d4 Bb7 10.Nbd2 b4 11.cxb4 Nxd4 12.Nxd4 exd4 13.f3 Nd7 14.Nc4 c5 15.Bf4 
Nb6 16.Na5 Ra7 17.Rc1 Ba8 18.Qd2 Qd7 19.e5 dxe5 20.bxc5 Bxc5 21.Bxe5 Rc8 
22.Bxg7 d3+ 23.Kh1 Be7 24.Rxc8+ Nxc8 25.Bc3 Qf5 26.Qh6 Qg6 27.Qf4 Kf8 28.
Qd4 f6 29.Rd1 Rc7 30.Rxd3 Nd6 31.Rd1 Nf5 32.Qf4 Rc5 33.Qb8+ Kg7 34.Qg8+ 
Kh6 35.Bd2+ Kh5 36.Bf7 1-0

[Event "14th Reykjavik op"]
[Site "Reykjavik ISL"]
[Date "1990.03.19"]
[Round "3"]
[White "Einarsson, Halldor"]
[Black "Geller, Efim"]
[Result "1/2-1/2"]
[WhiteElo "2280"]
[BlackElo "2515"]
[EventDate "1990.03.17"]
[PlyCount "58"]

1.e4 e5 2.Nf3 Nc6 3.Bb5 a6 4.Ba4 Nf6 5.O-O Be7 6.Re1 b5 7.Bb3 O-O 8.a4 Bb7
9.d3 d6 10.Nc3 Na5 11.Ba2 b4 12.Ne2 c5 13.Ng3 Bc8 14.h3 b3 15.Bxb3 Nxb3 
16.cxb3 Rb8 17.Nd2 Be6 18.Nc4 Ne8 19.Nf5 Bxf5 20.exf5 f6 21.a5 Qd7 22.Nb6 
Qxf5 23.Qc2 Bd8 24.Qc4+ Rf7 25.Qxa6 Bxb6 26.axb6 Qe6 27.b4 Rfb7 28.Qc4 d5 
29.Qxc5 Rxb6 1/2-1/2

[Event "14th Reykjavik op"]
[Site "Reykjavik ISL"]
[Date "1990.03.19"]
[Round "3"]
[White "Bergsson, Snorri"]
[Black "Burger, Karl"]
[Result "1-0"]
[WhiteElo "2230"]
[BlackElo "2345"]
[EventDate "1990.03.17"]
[PlyCount "71"]

1.d4 Nf6 2.c4 d6 3.Nc3 Nbd7 4.Nf3 e5 5.e4 Be7 6.d5 Nc5 7.Qc2 a5 8.Be3 b6 
9.h3 h5 10.Nd2 g6 11.Rb1 Bd7 12.b3 Nh7 13.a3 Bg5 14.Bxg5 Nxg5 15.b4 axb4 
16.axb4 Nb7 17.Bd3 h4 18.Nb5 O-O 19.O-O c6 20.Nc3 c5 21.b5 Bxh3 22.f4 exf4
23.gxh3 Qd7 24.Nf3 Qxh3 25.Nxg5 Qg3+ 26.Qg2 Qxd3 27.Rf3 Qxc4 28.Ne6 Ra3 
29.Nxf8 Rxc3 30.Rxc3 Qxc3 31.Nd7 Qe3+ 32.Qf2 Qd3 33.Ra1 Qxb5 34.Qxh4 Na5 
35.Qd8+ Kg7 36.Qf8+ 1-0

[Event "14th Reykjavik op"]
[Site "Reykjavik ISL"]
[Date "1990.03.19"]
[Round "3"]
[White "Petursson, Margeir"]
[Black "Thorsteins, Karl"]
[Result "0-1"]
[WhiteElo "2555"]
[BlackElo "2455"]
[EventDate "1990.03.17"]
[PlyCount "74"]

1.e4 d6 2.d4 Nf6 3.Nc3 g6 4.f4 Bg7 5.Nf3 c5 6.Bb5+ Bd7 7.e5 Ng4 8.e6 fxe6 
9.Ng5 Bxb5 10.Nxb5 Qa5+ 11.c3 Qxb5 12.Nxe6 Na6 13.Nxg7+ Kf7 14.Ne6 Kxe6 
15.Qxg4+ Kf7 16.f5 cxd4 17.fxg6+ hxg6 18.Rf1+ Ke8 19.Qxd4 Rxh2 20.Qf2 Qd5 
21.Be3 Rxg2 22.Qf8+ Kd7 23.Qxa8 Qe4 24.Qxa7 Nc5 25.Qxc5 dxc5 26.O-O-O+ Kc6
27.Bd2 Qe6 28.b3 g5 29.Rfe1 Re2 30.Rxe2 Qxe2 31.Re1 Qf3 32.Rxe7 g4 33.Re1 
Qf2 34.Kd1 g3 35.Re2 Qf1+ 36.Re1 g2 37.Be3 Qd3+ 0-1

[Event "14th Reykjavik op"]
[Site "Reykjavik ISL"]
[Date "1990.03.19"]
[Round "3"]
[White "Tukmakov, Vladimir"]
[Black "Arnason, Jon"]
[Result "1/2-1/2"]
[WhiteElo "2570"]
[BlackElo "2500"]
[EventDate "1990.03.17"]
[PlyCount "31"]

1.d4 Nf6 2.Nf3 e6 3.c4 b6 4.g3 Ba6 5.b3 Bb7 6.Bg2 Bb4+ 7.Bd2 c5 8.O-O O-O 
9.Bc3 d5 10.Bxb4 cxb4 11.Nbd2 Nc6 12.e3 Rc8 13.Qb1 Rc7 14.Rc1 Qe7 15.Qb2 
Rfc8 16.Ne5 1/2-1/2

[Event "14th Reykjavik op"]
[Site "Reykjavik ISL"]
[Date "1990.03.19"]
[Round "3"]
[White "Bewersdorff, Oliver"]
[Black "Razuvaev, Yury"]
[Result "0-1"]
[WhiteElo "2325"]
[BlackElo "2545"]
[EventDate "1990.03.17"]
[PlyCount "96"]

1.d4 Nf6 2.c4 e6 3.Nf3 b6 4.g3 Ba6 5.b3 Bb4+ 6.Bd2 Be7 7.Bg2 d5 8.cxd5 
exd5 9.Nc3 O-O 10.O-O Bb7 11.Bf4 Na6 12.Qc2 Qc8 13.Rac1 Rd8 14.Qb2 h6 15.
a3 c6 16.b4 Nc7 17.Rfd1 Ne6 18.Be3 Qd7 19.Bh3 Bd6 20.Rc2 Qe7 21.Nh4 Qe8 
22.Nf3 Ba6 23.a4 Bc4 24.Ne5 b5 25.Nxc4 bxc4 26.b5 Rab8 27.Rb1 a6 28.b6 a5 
29.Na2 Rb7 30.Qc3 Ra8 31.Rcb2 Ra6 32.f3 Qb8 33.Bd2 Nd7 34.Kg2 Qf8 35.Qe3 
Qe7 36.Nc3 Raxb6 37.Rxb6 Rxb6 38.Rxb6 Nxb6 39.Qf2 Bb4 40.e4 Bxc3 41.Bxc3 
Nxa4 42.Bxa5 Qa3 43.Bf5 Nc3 44.Bb6 Qb4 45.exd5 Nxd5 46.Bc5 Nxc5 47.dxc5 c3
48.Qe1 Kf8 0-1

[Event "14th Reykjavik op"]
[Site "Reykjavik ISL"]
[Date "1990.03.20"]
[Round "4.3"]
[White "Olafsson, Helgi"]
[Black "Benjamin, Joel"]
[Result "1-0"]
[WhiteElo "2575"]
[BlackElo "2530"]
[EventDate "1990.03.17"]
[PlyCount "77"]

1.c4 Nf6 2.Nc3 e5 3.Nf3 Nc6 4.g3 Bb4 5.Bg2 O-O 6.O-O d6 7.Nd5 a5 8.e3 Nxd5
9.cxd5 Ne7 10.d4 exd4 11.exd4 a4 12.a3 Ba5 13.Qxa4 Bg4 14.Qc4 Qd7 15.b4 
Bb6 16.Bb2 Ng6 17.Rfe1 Qf5 18.Nd2 Ne5 19.Qf1 Qc2 20.dxe5 Qxd2 21.Bc1 Qc3 
22.Bf4 Bf3 23.exd6 cxd6 24.Bxd6 Rfd8 25.Be5 Qb3 26.d6 Bxg2 27.Qxg2 Rxa3 
28.Rxa3 Qxa3 29.Qe4 h5 30.Bf4 Qc3 31.Rd1 Qc8 32.Kg2 Re8 33.Qd5 Qd7 34.Qxh5
Re4 35.b5 Ra4 36.Re1 Ra2 37.Re2 g6 38.Qe5 Rxe2 39.Qxe2 1-0

[Event "14th Reykjavik op"]
[Site "Reykjavik ISL"]
[Date "1990.03.20"]
[Round "4.6"]
[White "Arnason, Jon"]
[Black "Wojtkiewicz, Aleksander"]
[Result "1/2-1/2"]
[WhiteElo "2500"]
[BlackElo "2550"]
[EventDate "1990.03.17"]
[PlyCount "41"]

1.e4 c5 2.Nf3 d6 3.d4 cxd4 4.Nxd4 Nf6 5.Nc3 a6 6.Be2 e6 7.O-O Be7 8.f4 O-O
9.Bf3 Qc7 10.Be3 Re8 11.Qd2 e5 12.Nf5 Bxf5 13.exf5 Nbd7 14.g4 d5 15.Nxd5 
Nxd5 16.Bxd5 Nf6 17.fxe5 Bc5 18.Bf3 Rad8 19.Qf2 Bxe3 20.Qxe3 Rxe5 21.Qf2 
1/2-1/2

[Event "14th Reykjavik op"]
[Site "Reykjavik ISL"]
[Date "1990.03.20"]
[Round "4.10"]
[White "Wessman, Richard"]
[Black "Sokolov, Andrei"]
[Result "1/2-1/2"]
[WhiteElo "2505"]
[BlackElo "2585"]
[EventDate "1990.03.17"]
[PlyCount "47"]

1.d4 Nf6 2.c4 e6 3.Nf3 b6 4.g3 Ba6 5.b3 Bb4+ 6.Bd2 Be7 7.Bg2 d5 8.cxd5 
Nxd5 9.Nc3 Nd7 10.Nxd5 exd5 11.O-O O-O 12.Rc1 Re8 13.Rc2 c5 14.Be3 Nf6 15.
Qc1 Ne4 16.Rd1 Rc8 17.dxc5 Bxc5 18.Bxc5 Rxc5 19.Nd4 Qc8 20.e3 Nc3 21.Rdd2 
Nxa2 22.Rxc5 bxc5 23.Rxa2 cxd4 24.Qxc8 1/2-1/2

[Event "14th Reykjavik op"]
[Site "Reykjavik ISL"]
[Date "1990.03.20"]
[Round "4.11"]
[White "Arkell, Keith"]
[Black "Browne, Walter Shawn"]
[Result "1/2-1/2"]
[WhiteElo "2460"]
[BlackElo "2560"]
[EventDate "1990.03.17"]
[PlyCount "116"]

1.d4 Nf6 2.Nf3 e6 3.c4 b6 4.g3 Ba6 5.b3 Bb4+ 6.Bd2 Be7 7.Bg2 c6 8.O-O d5 
9.Ne5 Nfd7 10.Nxd7 Qxd7 11.Bf4 O-O 12.Nd2 Bf6 13.Be3 Re8 14.Qc2 Qe7 15.Nf3
Nd7 16.Rac1 Rac8 17.cxd5 cxd5 18.Qb2 Qb4 19.Rfe1 Be7 20.Bf1 Qa3 21.Qb1 Nb8
22.Rxc8 Rxc8 23.Rc1 Nc6 24.Rc2 h6 25.Bc1 Qd6 26.Bd2 Qd8 27.Qe1 Ne5 28.Qc1 
Nxf3+ 29.exf3 Rxc2 30.Qxc2 Bxf1 31.Kxf1 Bf6 32.Be3 Qd7 33.f4 Qd6 34.Kg2 
Qb4 35.f5 e5 36.dxe5 Bxe5 37.f3 Qc3 38.Qe2 Kh7 39.Bd2 Qb2 40.Kf1 Bf6 41.
Qd3 Qa1+ 42.Be1 Qxa2 43.Qxd5 Qxh2 44.Bf2 Qh1+ 45.Ke2 Qc1 46.Qxf7 Qc2+ 47.
Kf1 Qxf5 48.Qxa7 Qxf3 49.Qxb6 Be5 50.Qe3 Qxe3 51.Bxe3 Bxg3 52.b4 g5 53.b5 
Kg6 54.b6 Kf5 55.Kg2 Bb8 56.b7 Ke6 57.Kh3 Kf5 58.Bf2 Ke6 1/2-1/2

[Event "14th Reykjavik op"]
[Site "Reykjavik ISL"]
[Date "1990.03.20"]
[Round "4.15"]
[White "Nijboer, Friso"]
[Black "Polaczek, Richard"]
[Result "1/2-1/2"]
[WhiteElo "2485"]
[BlackElo "2420"]
[EventDate "1990.03.17"]
[PlyCount "122"]

1.e4 Nf6 2.e5 Nd5 3.d4 d6 4.Nf3 g6 5.Bc4 Nb6 6.Bb3 Bg7 7.a4 a5 8.O-O O-O 
9.h3 Nc6 10.Qe2 d5 11.Nbd2 Kh8 12.c3 f6 13.Re1 fxe5 14.dxe5 Bf5 15.Nf1 h6 
16.Ng3 e6 17.Nd4 Nxd4 18.cxd4 Qh4 19.Be3 c6 20.Rac1 Rf7 21.Nf1 Qe7 22.Nh2 
Qb4 23.Rc3 Raf8 24.Ra1 Nd7 25.Bd1 c5 26.dxc5 d4 27.Rb3 Qxc5 28.Rb5 Qa7 29.
Bd2 d3 30.Qe1 Qd4 31.Nf3 Qe4 32.Bxa5 Qxe1+ 33.Bxe1 Be4 34.Bc3 Bc6 35.Rb4 
Nc5 36.Bd4 Ne4 37.Rb3 d2 38.Re3 h5 39.b4 Bd5 40.b5 Rc7 41.Rxe4 Bxe4 42.
Nxd2 Rd7 43.Nxe4 Rxd4 44.Ng5 Rd2 45.Bf3 Bxe5 46.Re1 Bd4 47.Rxe6 Rxf2 48.
Kh2 Rf1 49.h4 b6 50.Re7 Rf5 51.Be2 Rc1 52.Bd3 Bg1+ 53.Kh3 Rc3 54.Rd7 Be3 
55.g3 Rxd3 56.Rxd3 Bxg5 57.hxg5 Rxg5 58.Rd6 Rg4 59.Rxb6 Rxa4 60.Rxg6 Kh7 
61.Rc6 Rb4 1/2-1/2

[Event "14th Reykjavik op"]
[Site "Reykjavik ISL"]
[Date "1990.03.20"]
[Round "4.16"]
[White "Bjoernsson, Tomas"]
[Black "Tisdall, Jonathan"]
[Result "1/2-1/2"]
[WhiteElo "2300"]
[BlackElo "2480"]
[EventDate "1990.03.17"]
[PlyCount "98"]

1.e4 c5 2.Nf3 e6 3.d4 cxd4 4.Nxd4 Nf6 5.Nc3 d6 6.f4 a6 7.Be2 Be7 8.O-O O-O
9.Kh1 Qc7 10.Bf3 Nc6 11.Nb3 b5 12.a3 Bb7 13.Be3 Nd7 14.Qe1 Rac8 15.Rd1 
Rfe8 16.Qf2 Bf8 17.Rd2 Rb8 18.g4 Ba8 19.Ne2 Nb6 20.Rd3 Nc4 21.Bc1 g6 22.
Bg2 Bg7 23.c3 Qe7 24.g5 f6 25.gxf6 Bxf6 26.Nbd4 Bh4 27.Qf3 e5 28.Nxc6 Bxc6
29.f5 gxf5 30.Qxf5 Rf8 31.Qg4+ Kh8 32.Rxf8+ Rxf8 33.Rh3 Bf6 34.Ng3 Rg8 35.
Qf3 Bd7 36.Nf5 Bxf5 37.Qxf5 Bh4 38.Rd3 Bg5 39.Bxg5 Rxg5 40.Qf2 Rg8 41.Rf3 
Qg5 42.Rf8 Qh6 43.Rxg8+ Kxg8 44.Bf1 Qc1 45.Qf6 Qe1 46.Qd8+ Kf7 47.Qd7+ Kf6
48.Qd8+ Kg7 49.Qe7+ 1/2-1/2

[Event "14th Reykjavik op"]
[Site "Reykjavik ISL"]
[Date "1990.03.20"]
[Round "4.17"]
[White "Mortensen, Erling"]
[Black "Gudmundsson, Kristjan"]
[Result "1-0"]
[WhiteElo "2480"]
[BlackElo "2210"]
[EventDate "1990.03.17"]
[PlyCount "110"]

1.e4 c5 2.Nc3 d6 3.Nge2 Nf6 4.d4 cxd4 5.Nxd4 a6 6.a4 Qc7 7.f4 Nbd7 8.Bd3 
b6 9.g4 h6 10.g5 hxg5 11.fxg5 Nh5 12.Nd5 Qb7 13.g6 Ne5 14.gxf7+ Nxf7 15.
Nf3 Bg4 16.Ne3 Bd7 17.O-O g5 18.Nd5 Bg4 19.Be2 Nf4 20.Bxf4 gxf4 21.Nd4 Bh3
22.Rf2 e6 23.Nxf4 Ng5 24.Bh5+ Kd7 25.Bg4 Qxe4 26.Ndxe6 Bxg4 27.Nxg5 Qf5 
28.Qd5 Qxd5 29.Nxd5 Kc6 30.Nf6 Bc8 31.Re1 d5 32.Ne6 Bd6 33.Nd4+ Kc5 34.c3 
Bh3 35.Nf5 Bxf5 36.Rxf5 Bxh2+ 37.Kf1 Rad8 38.Rd1 Kc6 39.Nxd5 Bb8 40.Nb4+ 
Kb7 41.Rf7+ Bc7 42.Rxd8 Rxd8 43.Nxa6 Kxa6 44.Rxc7 Rd1+ 45.Ke2 Ra1 46.Rc4 
Ra2 47.Rb4 Ka5 48.Kd3 Rxa4 49.Rxa4+ Kxa4 50.Kc4 Ka5 51.b3 Ka6 52.b4 Kb7 
53.b5 Kc8 54.Kd5 Kc7 55.Ke6 1-0

[Event "14th Reykjavik op"]
[Site "Reykjavik ISL"]
[Date "1990.03.20"]
[Round "4.18"]
[White "Lamm, Steffen"]
[Black "Hoei, Carsten"]
[Result "0-1"]
[WhiteElo "2280"]
[BlackElo "2445"]
[EventDate "1990.03.17"]
[PlyCount "100"]

1.e4 d6 2.d4 Nf6 3.Nc3 g6 4.Bg5 c6 5.f4 Bg7 6.Nf3 O-O 7.Qd2 b5 8.Bd3 Bg4 
9.O-O Qb6 10.e5 Bxf3 11.exf6 exf6 12.Bh4 Bd5 13.Nxd5 cxd5 14.f5 Nc6 15.c3 
Ne5 16.Kh1 Nxd3 17.Qxd3 b4 18.Rae1 bxc3 19.bxc3 Rfe8 20.Re2 Rxe2 21.Qxe2 
Qc6 22.Qf3 Re8 23.Bxf6 Bxf6 24.fxg6 hxg6 25.Qxf6 Qd7 26.h3 Qe6 27.Qf3 Kg7 
28.a4 Rc8 29.a5 Rb8 30.Kh2 Rb5 31.Qg3 Rxa5 32.Re1 Qf6 33.Re3 Rb5 34.Rf3 
Qe7 35.Re3 Qd8 36.Qe1 Qg5 37.Rf3 Rb2 38.Qf1 Qe7 39.Qa1 Qe2 40.Rg3 Ra2 41.
Qb1 Qb2 42.Qf1 Ra1 43.Qf4 Qc1 44.Re3 Qg1+ 45.Kg3 Ra2 46.Qf3 Rxg2+ 47.Qxg2 
Qxe3+ 48.Kh2 Qf4+ 49.Kg1 Qf5 50.Qg3 Qe6 0-1

[Event "14th Reykjavik op"]
[Site "Reykjavik ISL"]
[Date "1990.03.20"]
[Round "4.20"]
[White "Ernst, Thomas"]
[Black "Einarsson, Halldor"]
[Result "1-0"]
[WhiteElo "2450"]
[BlackElo "2280"]
[EventDate "1990.03.17"]
[PlyCount "90"]

1.e4 e6 2.d4 d5 3.Nc3 Bb4 4.e5 c5 5.a3 Bxc3+ 6.bxc3 Ne7 7.Qg4 Qc7 8.Qxg7 
Rg8 9.Qxh7 cxd4 10.Ne2 Nbc6 11.f4 dxc3 12.Qd3 d4 13.Nxd4 Nxd4 14.Qxd4 Bd7 
15.Rg1 Nf5 16.Qf2 Qc6 17.Bd3 Qd5 18.Rb1 Bc6 19.Rb3 O-O-O 20.Rxc3 Kb8 21.g4
Nd4 22.Rg3 Qa2 23.Be3 Qa1+ 24.Kd2 Nxc2 25.Bxa7+ Ka8 26.Rxc2 Ba4 27.Bc5 
Bxc2 28.Kxc2 Rc8 29.Kb3 Qd1+ 30.Kb2 Rgd8 31.Bd6 Qc1+ 32.Ka2 Rh8 33.h3 Qc6 
34.Qb2 Qd5+ 35.Qb3 Qa5 36.Bb1 Qd2+ 37.Ka1 Qxf4 38.Rf3 Qd4+ 39.Qb2 Qd5 40.
Rd3 Qa5 41.Rb3 Rhd8 42.Rxb7 f5 43.gxf5 exf5 44.Rb5 Qc3 45.Qxc3 1-0

[Event "14th Reykjavik op"]
[Site "Reykjavik ISL"]
[Date "1990.03.20"]
[Round "4.23"]
[White "Gislason, Gudmundur"]
[Black "Thorhallsson, Throestur"]
[Result "0-1"]
[WhiteElo "2225"]
[BlackElo "2405"]
[EventDate "1990.03.17"]
[PlyCount "72"]

1.d4 Nf6 2.c4 e6 3.Nf3 d5 4.Nc3 c6 5.Bg5 h6 6.Bxf6 Qxf6 7.g3 Bb4 8.Bg2 O-O
9.cxd5 exd5 10.O-O Re8 11.Ne5 Nd7 12.f4 Qe7 13.e4 dxe4 14.Nxe4 Ba5 15.Kh1 
Bb6 16.a4 a5 17.Ra3 Nf6 18.Rb3 Ba7 19.Nxf6+ Qxf6 20.g4 Qd6 21.d5 Rd8 22.g5
cxd5 23.Qh5 g6 24.Qxh6 Bd4 25.Nxf7 Kxf7 26.f5 gxf5 27.Qh7+ Bg7 28.Rxb7+ 
Bxb7 29.Rxf5+ Ke6 30.Bh3 d4+ 31.Kg1 Kd7 32.Rc5+ Ke8 33.Rf5 Rd7 34.Qg8+ Bf8
35.Rxf8+ Qxf8 36.Qe6+ Re7 0-1

[Event "14th Reykjavik op"]
[Site "Reykjavik ISL"]
[Date "1990.03.20"]
[Round "4.24"]
[White "Thorsteinsson, Arnar"]
[Black "Sigfusson, Sigurdur"]
[Result "1/2-1/2"]
[WhiteElo "2245"]
[BlackElo "2370"]
[EventDate "1990.03.17"]
[PlyCount "83"]

1.e4 e5 2.Nf3 Nc6 3.Bc4 Nf6 4.d4 exd4 5.O-O Be7 6.Re1 d6 7.Nxd4 O-O 8.Nxc6
bxc6 9.Nc3 Ng4 10.Be2 Ne5 11.f4 Ng6 12.Bf3 Rb8 13.Rb1 Bf6 14.Ne2 c5 15.c4 
Nh4 16.b3 Be6 17.Be3 Nxf3+ 18.gxf3 Bh4 19.Ng3 a5 20.Re2 a4 21.f5 Bd7 22.
Rg2 Kh8 23.Rd2 axb3 24.axb3 Bf6 25.Bxc5 dxc5 26.Rxd7 Bd4+ 27.Rxd4 Qxd4+ 
28.Qxd4 cxd4 29.Kf2 Rb4 30.Nf1 Ra8 31.Ke2 f6 32.Kd3 c5 33.f4 g6 34.fxg6 
hxg6 35.Nd2 Kg7 36.e5 fxe5 37.fxe5 Rh8 38.Nf3 Rhb8 39.Nd2 Rh8 40.Nf3 Rhb8 
41.Nd2 Rh8 42.Nf3 1/2-1/2

[Event "14th Reykjavik op"]
[Site "Reykjavik ISL"]
[Date "1990.03.20"]
[Round "4.25"]
[White "Tangborn, Eric"]
[Black "Olafsson, David"]
[Result "1/2-1/2"]
[WhiteElo "2355"]
[BlackElo "2260"]
[EventDate "1990.03.17"]
[PlyCount "74"]

1.d4 d5 2.Nf3 e6 3.Bf4 c5 4.e3 Nc6 5.c3 Bd6 6.Bg3 c4 7.Nbd2 b5 8.Bxd6 Qxd6
9.a3 Nf6 10.g3 O-O 11.Bg2 Rb8 12.O-O a5 13.Re1 Bb7 14.Rc1 Rfe8 15.Qc2 h6 
16.Rcd1 Rbd8 17.e4 dxe4 18.Nxe4 Nxe4 19.Rxe4 e5 20.Rde1 Nxd4 21.cxd4 Bxe4 
22.Rxe4 exd4 23.Rxd4 Qc5 24.Rf4 Qd5 25.Rd4 Qc5 26.Rg4 Rd3 27.h4 Red8 28.
Qe2 b4 29.axb4 axb4 30.Re4 c3 31.bxc3 bxc3 32.Re8+ Rxe8 33.Qxe8+ Qf8 34.
Qc6 Qd6 35.Qe8+ Qf8 36.Qc6 Qd6 37.Qe8+ 1/2-1/2

[Event "14th Reykjavik op"]
[Site "Reykjavik ISL"]
[Date "1990.03.20"]
[Round "4.26"]
[White "Kristjansson, Olafur"]
[Black "Brendel, Oliver"]
[Result "1-0"]
[WhiteElo "2215"]
[BlackElo "2360"]
[EventDate "1990.03.17"]
[PlyCount "106"]

1.e4 c5 2.Nf3 Nc6 3.d4 cxd4 4.Nxd4 g6 5.Nc3 Bg7 6.Be3 Nf6 7.Bc4 O-O 8.Bb3 
a5 9.f3 d5 10.Bxd5 Nxd5 11.exd5 Nb4 12.Nde2 Bf5 13.Rc1 b5 14.a3 Nxc2+ 15.
Rxc2 Bxc2 16.Qxc2 b4 17.Na4 Qxd5 18.Nb6 Qe6 19.Kf2 Rab8 20.Nf4 Qa2 21.axb4
axb4 22.Qb1 Qa7 23.Qa1 Qb7 24.Qa5 b3 25.Qb4 Bh6 26.Rd1 Rfc8 27.Nfd5 Rc2+ 
28.Rd2 Bxe3+ 29.Kxe3 e6 30.Nf6+ Kg7 31.Nfd7 Re8 32.Qxb3 Rc6 33.Qd3 e5 34.
Nc4 Qa7+ 35.Ke2 Qg1 36.Ne3 Qxh2 37.Qd5 Rc1 38.Nf6 Re6 39.Nfg4 Qg3 40.Nf2 
h5 41.b4 Rb1 42.Qc5 Qh4 43.Nd5 Rg1 44.Ne3 Rb1 45.Nc2 Qg5 46.Ne1 Qh4 47.Nc2
Qg5 48.Ne3 Ra6 49.Ne4 Qh4 50.Qxe5+ Kh7 51.Ng5+ Kh6 52.Nxf7+ Kh7 53.Qh8# 
1-0

[Event "14th Reykjavik op"]
[Site "Reykjavik ISL"]
[Date "1990.03.20"]
[Round "4.28"]
[White "Becx, Cesar"]
[Black "Bergsson, Snorri"]
[Result "0-1"]
[WhiteElo "2300"]
[BlackElo "2230"]
[EventDate "1990.03.17"]
[PlyCount "98"]

1.f4 g5 2.fxg5 h6 3.d4 hxg5 4.Bxg5 d5 5.Nf3 Qd6 6.Nc3 Bh6 7.Qd2 Bxg5 8.
Qxg5 Nf6 9.Qe5 Nc6 10.Qxd6 cxd6 11.e3 Bf5 12.Bd3 Be4 13.Bxe4 dxe4 14.Ng5 
d5 15.O-O Rh6 16.Rf4 a6 17.Raf1 Na5 18.Nd1 Rc8 19.c3 Nc4 20.b3 Nd6 21.R1f2
Kd7 22.Rc2 b5 23.Nb2 Rg6 24.Nh3 Ng4 25.Nd1 Rh8 26.Kh1 f5 27.Re2 e6 28.Nb2 
Rc8 29.Nd1 Rh6 30.Kg1 Rg8 31.Kh1 Rgh8 32.Rf1 Nf7 33.Ndf2 Nxf2+ 34.Rfxf2 
Ng5 35.Rc2 Nxh3 36.gxh3 Rxh3 37.Rfe2 Rf3 38.c4 Rg8 39.Re1 Rc8 40.c5 f4 41.
exf4 Rxf4 42.Rg2 e5 43.Rg5 Re8 44.dxe5 d4 45.Rc1 e3 46.Rg6 e2 47.Kg2 Kc7 
48.Rf6 Rxf6 49.exf6 d3 0-1

[Event "14th Reykjavik op"]
[Site "Reykjavik ISL"]
[Date "1990.03.20"]
[Round "4.31"]
[White "Hansson, Dan"]
[Black "Briem, Stefan"]
[Result "1-0"]
[WhiteElo "2270"]
[BlackElo "2215"]
[EventDate "1990.03.17"]
[PlyCount "108"]

1.e4 e5 2.Nf3 Nc6 3.Bb5 f5 4.d3 fxe4 5.dxe4 Nf6 6.O-O d6 7.Qd3 Bg4 8.a3 
Qd7 9.Nc3 Be7 10.h3 Bxf3 11.Qxf3 O-O 12.Bc4+ Kh8 13.Be3 a6 14.Rad1 Rae8 
15.Qe2 b5 16.Ba2 Nd8 17.f4 exf4 18.Bxf4 Ne6 19.e5 Nxf4 20.Rxf4 Ng8 21.Bf7 
Qc8 22.e6 Bg5 23.Re4 Nf6 24.Bxe8 Rxe8 25.Qf3 Nxe4 26.Nxe4 Bh6 27.a4 Qxe6 
28.Nc3 g6 29.axb5 Rf8 30.Qd3 Be3+ 31.Kh1 Bb6 32.bxa6 Rf4 33.Rf1 Qf6 34.
Rxf4 Qxf4 35.Nd5 Qc1+ 36.Kh2 Bg1+ 37.Kg3 Qe1+ 38.Kg4 h5+ 39.Kg5 Qe5+ 40.
Kxg6 Bd4 41.Qf5 Qe8+ 42.Kg5 c6 43.Nf4 Qd8+ 44.Kxh5 Bf2 45.Ng6+ Kg7 46.Qxf2
Qa5+ 47.Kg4 Kxg6 48.a7 Qg5+ 49.Kf3 Qd5+ 50.Kg3 c5 51.Qf3 Qe5+ 52.Kf2 Qd4+ 
53.Ke2 Qe5+ 54.Kf1 1-0